Films avec Clint Eastwood (par image, vol II) - Statistiques

Statistiques générales
  • Ce quiz a été pris 43 fois
  • Le résultat moyen est 10 sur 20
Statistiques - réponses
Par images Réponse % Correct
L'Inspecteur Harry
89%
Le Bon, la brute et le truand
81%
Pour une poignée de dollars
72%
L'Évadé d'Alcatraz
67%
Space cowboys / Les Pionniers de l'espace
64%
Pale Rider, le cavalier solitaire
61%
Et pour quelques dollars de plus
56%
Josey Wales hors-la-loi
50%
L'Épreuve de force
50%
Quand les aigles attaquent
47%
De l'or pour les braves
44%
Honky Tonk Man
42%
Ca va cogner
39%
Magnum Force / À coups de magnum
39%
Sierra torride
39%
Bronco Billy
36%
Pendez-les haut et court
36%
Le Canardeur
31%
La Sanction
28%
Les Pleins pouvoirs
28%
Aucun quiz correspondant
Distribution des résultats
% des personnes avec chaque résultat
Percentile par nombre de réponses
Votre historique - résultats
Vous n’avez pas pris ce quiz